[Event "Olympiad-43"]
[Site "Batumi"]
[Date "2018.10.05"]
[Round "11.3"]
[White "Garcia Paolicchi, Raul"]
[Black "Scerbin, Dmitrij"]
[Result "0-1"]
[WhiteElo "2176"]
[BlackElo "2264"]
[PlyCount "76"]
[EventDate "2018.09.24"]
[EventType "team-swiss"]
[EventRounds "11"]
[EventCountry "GEO"]
[SourceTitle "CBM 187"]
[Source "ChessBase"]
[SourceDate "2018.12.11"]
[SourceVersion "1"]
[SourceVersionDate "2018.12.11"]
[SourceQuality "1"]
[WhiteTeam "Andorra"]
[BlackTeam "IPCA"]
[WhiteTeamCountry "AND"]

1. d4 d5 2. Nf3 c6 3. e3 Bf5 4. Bd3 Bg6 5. 0-0 Nd7 6. b3 e6 7. Bb2 Ngf6 8. Qe2 Ne4 9. Nbd2 f5 10. c4 Bh5 11. a3 Bd6 12. Qe1 0-0 13. g3 Qf6 14. Nh4 Qh6 15. f3 Nxd2 16. Qxd2 Rae8 17. f4 Nf6 18. Be2 Ne4 19. Qd1 Bxe2 20. Qxe2 g5 21. Nf3 gxf4 22. exf4 Kh8 23. Nd2 Rg8 24. Nxe4 fxe4 25. Bc1 Ref8 26. Qg2 Rg4 27. Ra2 Qg7 28. Be3 h5 29. Qh3 Rf5 30. Rg2 Bxa3 31. Ra1 Bb4 32. Rxa7 Bc3 33. Kh1 Bxd4 34. Bxd4 Qxd4 35. Rxb7 e3 36. Rb8+ Kh7 37. Ra8 e2 38. Rg1 Qe4+ 0-1

[Event "Olympiad-43"]
[Site "Batumi"]
[Date "2018.09.24"]
[Round "1.34"]
[White "Scerbin, Dmitrij"]
[Black "Mamedov, Rauf"]
[Result "0-1"]
[WhiteElo "2264"]
[BlackElo "2699"]
[PlyCount "78"]
[EventDate "2018.09.24"]
[EventType "team-swiss"]
[EventRounds "11"]
[EventCountry "GEO"]
[SourceTitle "CBM 187"]
[Source "ChessBase"]
[SourceDate "2018.12.11"]
[SourceVersion "1"]
[SourceVersionDate "2018.12.11"]
[SourceQuality "1"]
[WhiteTeam "IPCA"]
[BlackTeam "Azerbaijan"]
[BlackTeamCountry "AZE"]

1. e4 c5 2. Nf3 d6 3. c3 Nf6 4. Bd3 g6 5. Bc2 Bg7 6. 0-0 Nc6 7. Re1 0-0 8. d3 e5 9. Nbd2 h6 10. Nf1 d5 11. Qe2 d4 12. Bd2 Re8 13. a3 Nh5 14. cxd4 exd4 15. b4 cxb4 16. axb4 b5 17. Bb3 Be6 18. Qd1 Nf6 19. Qc2 Rc8 20. Bxe6 Rxe6 21. Rec1 Nd7 22. Ng3 Nb6 23. Qb3 Na4 24. Ne2 Nc3 25. Nf4 Rd6 26. Bxc3 dxc3 27. Nd5 Ne7 28. Rxa7 Nxd5 29. exd5 Rxd5 30. d4 Rc4 31. Rxc3 Rdxd4 32. Ne1 Rd1 33. Re3 Qd2 34. Re8+ Kh7 35. Rae7 Rf4 36. Qe3 Qxe3 37. Rxe3 Bd4 38. Rf3 Rxf3 39. gxf3 Bc3 0-1

[Event "RUS-ch IPCA"]
[Site "Volgograd"]
[Date "2017.05.03"]
[Round "4"]
[White "Balberov, Alexander"]
[Black "Scerbin, Dmitrij"]
[Result "1/2-1/2"]
[WhiteElo "2350"]
[BlackElo "2323"]
[PlyCount "37"]
[EventDate "2017.04.30"]
[EventType "swiss"]
[EventRounds "9"]
[EventCountry "RUS"]
[SourceTitle "CBM 178 Extra"]
[Source "ChessBase"]
[SourceDate "2017.06.22"]
[SourceVersion "1"]
[SourceVersionDate "2017.06.22"]
[SourceQuality "1"]

1. d4 d5 2. c4 c6 3. Nf3 Nf6 4. e3 Bf5 5. Bd3 Bxd3 6. Qxd3 e6 7. 0-0 Nbd7 8. b3 Be7 9. Nc3 0-0 10. e4 dxe4 11. Nxe4 Nxe4 12. Qxe4 Nf6 13. Qc2 Qa5 14. Bb2 Ba3 15. Bc3 Bb4 16. Bb2 Ba3 17. Bc3 Bb4 18. Bb2 Ba3 19. Bc3 1/2-1/2

[Event "Olympiad-42"]
[Site "Baku"]
[Date "2016.09.03"]
[Round "2.3"]
[White "Can, Emre"]
[Black "Scerbin, Dmitrij"]
[Result "1-0"]
[WhiteElo "2565"]
[BlackElo "2347"]
[PlyCount "87"]
[EventDate "2016.09.02"]
[EventType "team-swiss"]
[EventRounds "11"]
[EventCountry "AZE"]
[SourceTitle "CBM 175"]
[Source "ChessBase"]
[SourceDate "2016.11.10"]
[SourceVersion "1"]
[SourceVersionDate "2016.11.10"]
[SourceQuality "1"]
[WhiteTeam "Turkey"]
[BlackTeam "IPCA"]
[WhiteTeamCountry "TUR"]

1. d4 d5 2. c4 dxc4 3. Nf3 c6 4. e3 Be6 5. Nc3 b5 6. a4 b4 7. Ne4 Nf6 8. Ned2 c3 9. bxc3 bxc3 10. Nb1 Nd5 11. e4 c2 12. Qxc2 Nb4 13. Qd2 a5 14. Bb2 Nd7 15. Qc3 Bg4 16. Nbd2 e6 17. Bc4 Be7 18. 0-0 Bf6 19. Ne5 Nxe5 20. dxe5 Bxe5 21. Qxe5 Qxd2 22. Qxg7 0-0-0 23. Bc3 Qf4 24. Qe5 Qxe5 25. Bxe5 Rhg8 26. f3 Bh5 27. Bg3 Rd4 28. Rac1 Kb7 29. Rfd1 Rgd8 30. Rxd4 Rxd4 31. Be5 Rd7 32. Bf6 Kb6 33. Kf1 Nd3 34. Rd1 Ne5 35. Be2 Rxd1+ 36. Bxd1 Nc4 37. Ke2 Kc5 38. Kd3 Kb4 39. Bc3+ Kc5 40. Bb3 Nd6 41. Bxa5 f5 42. e5 Nb7 43. Bd2 Bf7 44. a5 1-0

[Event "RUS IPCA-ch"]
[Site "Nalchik"]
[Date "2016.05.06"]
[Round "7"]
[White "Balberov, Alexander"]
[Black "Scerbin, Dmitrij"]
[Result "1/2-1/2"]
[WhiteElo "2362"]
[BlackElo "2353"]
[PlyCount "48"]
[EventDate "2016.04.30"]
[EventType "swiss"]
[EventRounds "9"]
[EventCountry "RUS"]
[SourceTitle "CBM 172 Extra"]
[Source "ChessBase"]
[SourceDate "2016.06.21"]
[SourceVersion "1"]
[SourceVersionDate "2016.06.21"]
[SourceQuality "1"]

1. Nf3 c5 2. e4 a6 3. c3 g6 4. d4 cxd4 5. Nxd4 Bg7 6. c4 Nc6 7. Be3 Nf6 8. Nc3 d6 9. Be2 0-0 10. 0-0 Bd7 11. Rc1 Nxd4 12. Bxd4 Bc6 13. f3 Bh6 14. Rc2 Nh5 15. g3 Ng7 16. Bf2 f5 17. Bd3 Ne6 18. f4 Nc5 19. exf5 gxf5 20. Be2 Bg7 21. Bf3 Qe8 22. Bh5 Qd8 23. Bf3 Qe8 24. Bh5 Qd8 1/2-1/2

[Event "RUS IPCA-ch"]
[Site "Nalchik"]
[Date "2016.05.04"]
[Round "5"]
[White "Obodchuk, Andrei"]
[Black "Scerbin, Dmitrij"]
[Result "1-0"]
[WhiteElo "2368"]
[BlackElo "2353"]
[PlyCount "71"]
[EventDate "2016.04.30"]
[EventType "swiss"]
[EventRounds "9"]
[EventCountry "RUS"]
[SourceTitle "CBM 172 Extra"]
[Source "ChessBase"]
[SourceDate "2016.06.21"]
[SourceVersion "1"]
[SourceVersionDate "2016.06.21"]
[SourceQuality "1"]

1. e4 e6 2. d4 d5 3. Nc3 dxe4 4. Nxe4 Bd7 5. Nf3 Bc6 6. Bd3 Nd7 7. Qe2 Ngf6 8. Ng3 Qe7 9. Bd2 0-0-0 10. 0-0-0 g6 11. Kb1 Bg7 12. c4 Rhe8 13. Bc3 Nb6 14. b3 Qf8 15. Rhg1 Bxf3 16. Qxf3 Nbd7 17. Rge1 Kb8 18. h3 c6 19. Bf1 Ka8 20. Ne2 Ng8 21. Nc1 h5 22. g4 hxg4 23. hxg4 Ne7 24. Bg2 g5 25. Nd3 Rb8 26. Qe3 Bf6 27. Ne5 Nxe5 28. dxe5 Bg7 29. Bb4 f6 30. Rd7 fxe5 31. Be4 Bf6 32. Bc5 Rbd8 33. Qd2 Rxd7 34. Qxd7 Qg8 35. Rd1 Nc8 36. Bxc6 1-0

[Event "RUS IPCA-ch"]
[Site "Nalchik"]
[Date "2016.05.03"]
[Round "4"]
[White "Scerbin, Dmitrij"]
[Black "Gedgafov, Chamal"]
[Result "1-0"]
[WhiteElo "2353"]
[BlackElo "2227"]
[PlyCount "79"]
[EventDate "2016.04.30"]
[EventType "swiss"]
[EventRounds "9"]
[EventCountry "RUS"]
[SourceTitle "CBM 172 Extra"]
[Source "ChessBase"]
[SourceDate "2016.06.21"]
[SourceVersion "1"]
[SourceVersionDate "2016.06.21"]
[SourceQuality "1"]

1. e4 c5 2. Nf3 e6 3. b3 Nc6 4. Bb5 Qc7 5. Bb2 a6 6. Bxc6 Qxc6 7. Nc3 Nh6 8. 0-0 f6 9. a4 b6 10. d4 cxd4 11. Nxd4 Qc7 12. Re1 Bb7 13. Qh5+ Nf7 14. Rad1 Qe5 15. Qe2 Bb4 16. Rd3 0-0 17. Nf3 Qc7 18. Red1 Rfd8 19. Nd2 Ne5 20. Rh3 Ng6 21. Qh5 Nf8 22. Nc4 Qc6 23. Rg3 d5 24. exd5 exd5 25. Ne3 d4 26. Nf5 Ng6 27. Nxd4 Qe8 28. Qe2 Qf7 29. Nf5 Rxd1+ 30. Nxd1 Rd8 31. Nde3 Be4 32. Qg4 Re8 33. h4 Bc5 34. h5 Bxe3 35. hxg6 Bxf2+ 36. Kxf2 hxg6 37. Nd6 Qd5 38. Nxe8 Qc5+ 39. Re3 f5 40. Qg5 1-0

[Event "W-ch Disabled"]
[Site "Dresden"]
[Date "2015.10.19"]
[Round "2"]
[White "Scerbin, Dmitrij"]
[Black "Mackowiak, Marek"]
[Result "0-1"]
[WhiteElo "2368"]
[BlackElo "2140"]
[PlyCount "90"]
[EventDate "2015.10.18"]
[EventType "swiss"]
[EventRounds "7"]
[EventCountry "GER"]
[SourceTitle "CBM 168 Extra"]
[Source "ChessBase"]
[SourceDate "2015.10.29"]
[SourceVersion "1"]
[SourceVersionDate "2015.10.29"]
[SourceQuality "1"]

1. e4 e6 2. d4 d5 3. e5 c5 4. c3 Nc6 5. Nf3 Qb6 6. a3 a5 7. Bd3 Bd7 8. 0-0 cxd4 9. cxd4 Nxd4 10. Nxd4 Qxd4 11. Nc3 Qb6 12. Qg4 h5 13. Qe2 Ne7 14. Be3 d4 15. Nb5 Bxb5 16. Bxb5+ Nc6 17. Bg5 Be7 18. Bxc6+ bxc6 19. Bxe7 Kxe7 20. Rac1 c5 21. Rfd1 Rad8 22. Qe4 Rd5 23. b4 axb4 24. axb4 Qxb4 25. Qh4+ f6 26. Qg3 Rg8 27. Rb1 Qa4 28. Rb7+ Rd7 29. Rdb1 Qc6 30. exf6+ Kxf6 31. Rxd7 Qxd7 32. Qf4+ Kg6 33. Qe4+ Kh6 34. Rb6 Re8 35. Qf4+ Kh7 36. Qe4+ Kg8 37. Rb7 Ra8 38. h3 Ra1+ 39. Kh2 Qd5 40. Rb8+ Kf7 41. Rb7+ Kf6 42. Qf4+ Qf5 43. Qd2 Qe5+ 44. f4 Qe1 45. Qd3 h4 0-1

[Event "IPCA Wch 15th"]
[Site "Bratislava"]
[Date "2015.06.21"]
[Round "4"]
[White "Kozhabekov, Adilkhan"]
[Black "Scerbin, Dmitrij"]
[Result "0-1"]
[WhiteElo "2140"]
[BlackElo "2358"]
[PlyCount "108"]
[EventDate "2015.06.19"]
[EventType "swiss"]
[EventRounds "9"]
[EventCountry "SVK"]
[SourceTitle "CBM 167 Extra"]
[Source "ChessBase"]
[SourceDate "2015.09.14"]
[SourceVersion "1"]
[SourceVersionDate "2015.09.14"]
[SourceQuality "1"]

1. Nf3 d5 2. b3 Bg4 3. e3 Nd7 4. d4 Ngf6 5. Bb2 e6 6. Be2 Bb4+ 7. c3 Bd6 8. 0-0 Ne4 9. Nbd2 Qf6 10. c4 Qh6 11. Ne5 Bxe2 12. Qxe2 Nxd2 13. Qxd2 0-0 14. f4 Nf6 15. Nd3 Ne4 16. Qe2 a5 17. c5 Be7 18. a3 f5 19. b4 g5 20. b5 a4 21. Rac1 gxf4 22. exf4 Bf6 23. Rc2 Kh8 24. Rf3 Rg8 25. Qe3 Rg6 26. Rh3 Qg7 27. Kf1 Ra5 28. b6 c6 29. Ne5 Bxe5 30. dxe5 Rh6 31. Bd4 Rg6 32. Rb2 Qf8 33. Qe1 Ra8 34. Qh4 Qg7 35. Qe1 Rg4 36. Rf3 Qf8 37. Qb4 Qh6 38. g3 Qg7 39. Rg2 h5 40. Rg1 h4 41. Bf2 hxg3 42. hxg3 Kg8 43. Ke2 Kf7 44. Qe1 Rh8 45. Rh1 Rg6 46. Rg1 Rh2 47. Qa5 Rxf2+ 48. Rxf2 Rxg3 49. Rgf1 Nxf2 50. Rxf2 Qg4+ 51. Kd2 Rg1 52. Qxa4 Qg3 53. Qd4 Qxa3 54. Qc3 Rd1+ 0-1

[Event "IPCA Wch 15th"]
[Site "Bratislava"]
[Date "2015.06.21"]
[Round "3"]
[White "Scerbin, Dmitrij"]
[Black "Gurbanov, Andrei"]
[Result "1/2-1/2"]
[WhiteElo "2358"]
[BlackElo "2355"]
[PlyCount "28"]
[EventDate "2015.06.19"]
[EventType "swiss"]
[EventRounds "9"]
[EventCountry "SVK"]
[SourceTitle "CBM 167 Extra"]
[Source "ChessBase"]
[SourceDate "2015.09.14"]
[SourceVersion "1"]
[SourceVersionDate "2015.09.14"]
[SourceQuality "1"]

1. e4 e5 2. Nf3 Nc6 3. d4 exd4 4. Nxd4 Bb4+ 5. c3 Bc5 6. Be3 Bb6 7. Nd2 Nf6 8. g3 0-0 9. Bg2 Nxd4 10. Bxd4 d5 11. Bxb6 axb6 12. 0-0 Nxe4 13. Nxe4 dxe4 14. Bxe4 c6 1/2-1/2

[Event "IPCA Wch 15th"]
[Site "Bratislava"]
[Date "2015.06.20"]
[Round "2"]
[White "Tsapalin, Sergey"]
[Black "Scerbin, Dmitrij"]
[Result "0-1"]
[WhiteElo "2023"]
[BlackElo "2358"]
[PlyCount "122"]
[EventDate "2015.06.19"]
[EventType "swiss"]
[EventRounds "9"]
[EventCountry "SVK"]
[SourceTitle "CBM 167 Extra"]
[Source "ChessBase"]
[SourceDate "2015.09.14"]
[SourceVersion "1"]
[SourceVersionDate "2015.09.14"]
[SourceQuality "1"]

1. d4 e6 2. c4 c5 3. d5 exd5 4. cxd5 Nf6 5. Nc3 Bd6 6. e4 0-0 7. Bd3 Re8 8. Nge2 c4 9. Bc2 Bc5 10. 0-0 a6 11. a4 d6 12. h3 Nbd7 13. Kh1 Nf8 14. Ng3 Ng4 15. Qf3 Qh4 16. Nd1 Ne5 17. Qh5 Qxh5 18. Nxh5 Bd7 19. Be3 Rac8 20. Ng3 Nfg6 21. Bxc5 Rxc5 22. Ne3 c3 23. b3 Nf4 24. Ngf5 Bxf5 25. Nxf5 Rd8 26. Rfd1 g6 27. Ne3 Rcc8 28. a5 h5 29. g3 Nxh3 30. Kg2 Ng4 31. Nxg4 hxg4 32. Ra4 Ng5 33. Rb4 Rc7 34. Rc1 Nf3 35. Bd3 Rdc8 36. Bc4 c2 37. Rb6 Rd8 38. Kf1 Nd2+ 39. Ke2 Nxe4 40. Rxc2 Re7 41. Kf1 Nc5 42. Re2 Rxe2 43. Bxe2 Rd7 44. Bxg4 f5 45. Be2 Kf7 46. Bd1 Ke7 47. b4 Ne4 48. Be2 Nc3 49. Bc4 Na4 50. Ke2 Nxb6 51. axb6 Kf6 52. f4 Re7+ 53. Kd3 Re1 54. Kd2 Re4 55. Kc3 Re7 56. Bd3 Kf7 57. Kd4 Ke8 58. g4 fxg4 59. Bxg6+ Kf8 60. Be4 g3 61. Kd3 Rxe4 0-1

[Event "RUS IPCA-ch"]
[Site "Nalchik"]
[Date "2015.05.08"]
[Round "9"]
[White "Vorobyov, Yrij"]
[Black "Scerbin, Dmitrij"]
[Result "0-1"]
[WhiteElo "2180"]
[BlackElo "2365"]
[PlyCount "68"]
[EventDate "2015.04.30"]
[EventType "swiss"]
[EventRounds "9"]
[EventCountry "RUS"]
[SourceTitle "EXT 2018"]
[Source "ChessBase"]
[SourceDate "2017.10.13"]
[SourceVersion "1"]
[SourceVersionDate "2017.10.13"]
[SourceQuality "1"]

1. e4 c5 2. Nf3 e6 3. c3 Nf6 4. e5 Nd5 5. d4 cxd4 6. cxd4 d6 7. Bd3 Nb4 8. Be2 dxe5 9. dxe5 Qxd1+ 10. Kxd1 Be7 11. Bd2 Nd7 12. Bxb4 Bxb4 13. Nbd2 0-0 14. a3 Be7 15. Rc1 Nc5 16. b4 Na4 17. Bb5 Nb6 18. Nb3 a6 19. Bd3 Bd7 20. Nfd4 f6 21. f4 Nd5 22. exf6 Bxf6 23. g3 Ba4 24. Ke2 Bxb3 25. Nxb3 Bb2 26. Rc2 Bxa3 27. b5 Nb4 28. Rc7 Nxd3 29. Kxd3 Rf7 30. Rxf7 Kxf7 31. bxa6 Rxa6 32. Nd4 Bc5 33. Nb5 Ra2 34. Rc1 b6 0-1

[Event "RUS IPCA-ch"]
[Site "Nalchik"]
[Date "2015.05.07"]
[Round "8"]
[White "Scerbin, Dmitrij"]
[Black "Gedgafov, Chamal"]
[Result "0-1"]
[WhiteElo "2365"]
[BlackElo "2140"]
[PlyCount "112"]
[EventDate "2015.04.30"]
[EventType "swiss"]
[EventRounds "9"]
[EventCountry "RUS"]
[SourceTitle "EXT 2018"]
[Source "ChessBase"]
[SourceDate "2017.10.13"]
[SourceVersion "1"]
[SourceVersionDate "2017.10.13"]
[SourceQuality "1"]

1. e4 e6 2. d4 d5 3. e5 c5 4. c3 Qb6 5. Nf3 Nc6 6. a3 c4 7. Nbd2 Na5 8. Be2 Bd7 9. 0-0 Ne7 10. Rb1 h6 11. Re1 0-0-0 12. b3 cxb3 13. c4 dxc4 14. Nxc4 Nxc4 15. Bxc4 Ba4 16. Bxb3 Bxb3 17. Rxb3 Qa6 18. Bd2 Nd5 19. Qc2+ Kb8 20. Reb1 Rd7 21. h4 Be7 22. Bb4 Nxb4 23. axb4 b6 24. b5 Qc8 25. Rc3 Rc7 26. Rc6 Qd7 27. Rc1 Rhc8 28. Qa4 Rxc6 29. bxc6 Qd5 30. h5 Rc7 31. Kh2 a5 32. Rc2 Bb4 33. Rc1 b5 34. Qc2 f5 35. exf6 Qxh5+ 36. Kg1 gxf6 37. Qe4 Qd5 38. Qf4 Bd6 39. Qxf6 Ka7 40. Qxh6 Rxc6 41. Ra1 a4 42. Ne5 Bxe5 43. dxe5 Qxe5 44. Rd1 Ka6 45. Qf8 Qc7 46. Qf6 b4 47. g3 a3 48. Qg5 Rc2 49. Qe3 Qc6 50. Qd3+ Ka5 51. Qe3 Qc5 52. Qf3 Ka4 53. g4 a2 54. Qa8+ Kb3 55. Qf3+ Qc3 56. Qe4 a1Q 0-1

[Event "RUS IPCA-ch"]
[Site "Nalchik"]
[Date "2015.04.30"]
[Round "1"]
[White "Nikitenko, Sergey"]
[Black "Scerbin, Dmitrij"]
[Result "0-1"]
[WhiteElo "1901"]
[BlackElo "2365"]
[PlyCount "56"]
[EventDate "2015.04.30"]
[EventType "swiss"]
[EventRounds "9"]
[EventCountry "RUS"]
[SourceTitle "EXT 2018"]
[Source "ChessBase"]
[SourceDate "2017.10.13"]
[SourceVersion "1"]
[SourceVersionDate "2017.10.13"]
[SourceQuality "1"]

1. d4 d5 2. c4 c6 3. Nc3 dxc4 4. e4 b5 5. g3 Nf6 6. Bg2 b4 7. Na4 Nbd7 8. Qc2 Ba6 9. Ne2 e6 10. Bg5 Qa5 11. Bd2 Bb5 12. b3 c3 13. Naxc3 bxc3 14. Nxc3 Bb4 15. d5 cxd5 16. Nxb5 Qxb5 17. exd5 exd5 18. 0-0-0 0-0 19. Kb1 Rac8 20. Qf5 g6 21. Qg5 Qd3+ 22. Ka1 Bc3+ 23. Bxc3 Qxc3+ 24. Kb1 Qc2+ 25. Ka1 Qxf2 26. Rd2 Qc5 27. Rdd1 Qc3+ 28. Kb1 Qc2+ 0-1

[Event "W-ch Disabled"]
[Site "Dresden"]
[Date "2013.10.24"]
[Round "3"]
[White "Shajakhmetov, Linat"]
[Black "Scerbin, Dmitrij"]
[Result "0-1"]
[WhiteElo "2013"]
[BlackElo "2369"]
[PlyCount "86"]
[EventDate "2013.10.22"]
[EventType "swiss"]
[EventRounds "7"]
[EventCountry "GER"]
[SourceTitle "CBM 157 Extra"]
[Source "ChessBase"]
[SourceDate "2013.12.19"]
[SourceVersion "1"]
[SourceVersionDate "2013.12.19"]
[SourceQuality "1"]

1. d4 g6 2. c4 Bg7 3. Nc3 c5 4. Nf3 cxd4 5. Nxd4 Nc6 6. Nxc6 bxc6 7. Qc2 Nf6 8. e4 0-0 9. Be2 d5 10. 0-0 d4 11. Na4 e5 12. c5 Rb8 13. Bd2 Ne8 14. b4 f5 15. Bc4+ Kh8 16. f3 Qh4 17. Bd3 Qh5 18. Rab1 Nf6 19. exf5 gxf5 20. b5 cxb5 21. Bxb5 e4 22. Bf4 Rxb5 23. Rxb5 Ba6 24. Rbb1 Bxf1 25. Rxf1 Nd5 26. Bc1 Re8 27. Qc4 Ne3 28. Bxe3 dxe3 29. f4 Rd8 30. c6 e2 31. Re1 Rd1 32. Qb4 Qh4 33. Qb8+ Rd8 34. g3 Rxb8 35. gxh4 Bd4+ 36. Kg2 Rg8+ 37. Kh3 Rc8 38. Rxe2 Rxc6 39. Nb2 Rc1 40. h5 Kg7 41. Rd2 Be3 42. Rg2+ Kf6 43. Kg3 Rf1 0-1